000 00380nam a2200145Ia 4500
008 151213s9999 xx 000 0 und d
100 _aA.L.Rowue
245 _aThe Use Of History
_cA.L.Rowue
260 _aLondon
_bHodden and Stoughton Limited
_c1946
300 _a8853 p.
650 _aEnglish Literature
650 _aEnglish Literature
700 _aA.L.Rowue
999 _c4638
_d4638